Bartleby

Spremljeno u:
Bibliografski detalji
Glavni autor: Melville, Herman, 1819-1891 (autor)
Format: Knjiga
Jezik:španjolski
Izdano: Barcelona Norma 1990
Izdanje:1a. ed
Teme:
Oznake: Dodaj oznaku
Bez oznaka, Budi prvi tko označuje ovaj zapis!

MARC

LEADER 00000cam a2200000 a 4500
001 UCE7162
003 CL-VaPUC
008 150529e19900000sp |||||||||||||||||spa|d
020 |a 958040996X 
082 0 4 |a 813  |b MEL  |2 21 
100 |a Melville, Herman,  |d 1819-1891  |e autor  |9 308857 
245 1 0 |a Bartleby 
246 1 0 |a A propósito de Herman Melville y Bartleby 
250 |a 1a. ed 
300 |a pág. irreg 
942 |c BK 
945 |d 20150529 15:00:00  |a dcastane 
260 |a Barcelona  |b Norma  |c 1990 
650 0 |a Novelas estadounidenses  |9 265217 
650 0 |a Literatura estadounidense  |9 317168 
583 |a last modification  |c 20150529 15:00:00  |k Rodrigo Vera 
999 |c 359285  |d 359283 
952 |0 0  |1 0  |3 erb  |4 0  |6 813_000000000000000_MEL_1990  |7 0  |8 A  |9 468434  |a BIBEDU  |b BIBEDU  |e Villagrán Garnham, Jorge  |i 5176204  |l 2  |m 1  |o 813 MEL 1990  |p 5176204  |r 2023-05-03  |s 2023-04-17  |w 2019-11-23  |y BK  |z Catalogado en:20150529  |k LIT